Statistics for Washington (State) Sports History

Click here to take the quiz!

General Stats

  • This quiz has been taken 12 times
    (11 since last reset)
  • The average score is 6 of 7

Answer Stats

HintYearAnswer% Correct
Seattle NHL:2021-PresentSeattle Kraken
100%
Seattle NFL:1974-PresentSeattle Seahawks
100%
Seattle NASL:1974-1983Seattle Sounders
100%
Seattle MLS:2007-PresentSeattle Sounders FC
100%
Seattle MLB:1977-PresentSeattle Mariners
91%
Seattle MLB:1969Seattle Pilots
73%
Tacoma MISL:1983-1992Tacoma Stars
18%

Score Distribution

Percentile by Number Answered

Percent of People with Each Score

Your Score History

You have not taken this quiz since the last reset